Роль энергообследований для определения лимитов энергопотребления организаций бюджетной сферы; Энергетика: Экология, надежность, безопасность

Бібліографічні деталі
Parent link:Энергетика: Экология, надежность, безопасность.— 1999.— С. 131-133
Автор: Косяков С. А.
Інші автори: Лукутин Б. В. Борис Владимирович, Захаров В. В.
Мова:Російська
Опубліковано: 1999
Предмети:
Формат: Частина з книги
KOHA link:https://koha.lib.tpu.ru/cgi-bin/koha/opac-detail.pl?biblionumber=49323

MARC

LEADER 00000naa2a2200000 4500
001 49323
005 20240116132415.0
035 |a (RuTPU)RU\TPU\book\51645 
035 |a RU\TPU\tpu\9635 
090 |a 49323 
100 |a 20030331d1999 k y0rusy50 ca 
101 0 |a rus 
102 |a RU 
200 1 |a Роль энергообследований для определения лимитов энергопотребления организаций бюджетной сферы  |f С. А. Косяков, Б. В. Лукутин, В. В. Захаров 
320 |a Библиогр.: 2 назв. 
463 0 |0 (RuTPU)RU\TPU\book\13649  |t Энергетика: Экология, надежность, безопасность  |o материалы докладов 5-ой Всероссийской научно-технической конференции  |f Томский политехнический университет  |v С. 131-133  |d 1999  |p 250 с. 
610 1 |a труды учёных ТПУ 
675 |a 620.9:628(063)  |v 3 
700 1 |a Косяков  |b С. А. 
701 1 |a Лукутин  |b Б. В.  |c специалист в области электротехники  |c профессор Томского политехнического университета, доктор технических наук  |f 1948-  |g Борис Владимирович  |3 (RuTPU)RU\TPU\pers\21974  |9 9293 
701 1 |a Захаров  |b В. В. 
801 0 |a RU  |b 63413507  |c 20020920  |g PSBO 
801 0 |a RU  |b 63413507  |c 20140527  |g PSBO 
801 2 |a RU  |b 63413507  |c 20140630  |g RCR 
942 |c BK